LEADER 00834cam0-2200301---450- 001 990005618570403321 005 20100930130629.0 035 $a000561857 035 $aFED01000561857 035 $a(Aleph)000561857FED01 035 $a000561857 100 $a19990604d1955----km-y0itay50------ba 101 0 $aeng 102 $aUS 105 $aa---j---001yy 200 1 $aHow to Shoot for glamour$fby Carl Bakal 210 $aSan Francisco$cCamera Craft publishing Company$d1955 215 $a128 p.$cill.$d24 cm 610 0 $aFotografia artistica$aManuali 676 $a770.28 700 1$aBakal,$bCarl$0216807 801 0$aIT$bUNINA$gRICA$2UNIMARC 901 $aBK 912 $a990005618570403321 952 $a770.28 BAK 1$bST.ARTE 5331$fFLFBC 959 $aFLFBC 996 $aHow to Shoot for glamour$9604407 997 $aUNINA LEADER 02683nam0 22005413i 450 001 VAN0184436 005 20230612025002.283 017 70$2N$a9783319444598 100 $a20210716d2017 |0itac50 ba 101 $aeng 102 $aCH 105 $a|||| ||||| 200 1 $aDynamics and Characterization of Composite Quantum Systems$eDoctoral Thesis accepted by Albert Ludwigs University of Freiburg, Germany$fManuel Gessner 210 $aCham$cSpringer$d2017 215 $axv, 347 p.$cill.$d24 cm 410 1$1001VAN0104193$12001 $aSpringer theses$erecognizing outstanding Ph.D. research$1210 $aBerlin$cSpringer$d2010- 500 1$3VAN0184437$aDynamics and Characterization of Composite Quantum Systems$91826396 606 $a81P68$xQuantum computation [MSC 2020]$3VANC019948$2MF 606 $a81-XX$xQuantum theory [MSC 2020]$3VANC019967$2MF 606 $a81Vxx$xApplications of quantum theory to specific physical systems [MSC 2020]$3VANC023107$2MF 606 $a00A79 (77-XX)$xPhysics [MSC 2020]$3VANC023182$2MF 606 $a35P30$xNonlinear eigenvalue problems and nonlinear spectral theory for PDEs [MSC 2020]$3VANC023297$2MF 606 $a81V80$xQuantum optics [MSC 2020]$3VANC023592$2MF 606 $a82Cxx$xTime-dependent statistical mechanics (dynamic and nonequilibrium) [MSC 2020]$3VANC025543$2MF 606 $a68M07$xMathematical problems of computer architecture [MSC 2020]$3VANC033623$2MF 610 $a2D Spectroscopy$9KW:K 610 $aDecoherence of Identical Particles$9KW:K 610 $aMultidimensional Spectroscopy$9KW:K 610 $aNonlinear Spectroscopy$9KW:K 610 $aOpen Quantum Systems$9KW:K 610 $aQuantum Bifurcation$9KW:K 610 $aQuantum Discord$9KW:K 610 $aQuantum Entanglement$9KW:K 610 $aQuantum Phase Transitions$9KW:K 610 $aSemiclassical Energy$9KW:K 610 $aSystem-Environment Correlations$9KW:K 610 $aTrapped Ions$9KW:K 620 $aCH$dCham$3VANL001889 700 1$aGessner$bManuel$3VANV165075$0819542 712 $aSpringer $3VANV108073$4650 801 $aIT$bSOL$c20240614$gRICA 856 4 $uhttp://doi.org/10.1007/978-3-319-44459-8$zE-book ? Accesso al full-text attraverso riconoscimento IP di Ateneo, proxy e/o Shibboleth 899 $aBIBLIOTECA DEL DIPARTIMENTO DI MATEMATICA E FISICA$1IT-CE0120$2VAN08 912 $fN 912 $aVAN0184436 950 $aBIBLIOTECA DEL DIPARTIMENTO DI MATEMATICA E FISICA$d08CONS e-book 3090 $e08eMF3090 20210716 996 $aDynamics and Characterization of Composite Quantum Systems$91826396 997 $aUNICAMPANIA